Countries Hailee Steinfeld has Visited - Statistics

General Stats
  • This quiz has been taken 63 times
    17 since last reset
  • The average score is 13 of 16
Answer Stats
Continent Country % Correct
North America United States of America
100%
Oceania Australia
92%
North America Canada
92%
Asia China
92%
Europe France
92%
Europe Italy
92%
North America Mexico
92%
Europe Spain
92%
Europe United Kingdom
92%
Europe Germany
85%
Asia Japan
85%
Asia Philippines
69%
Asia Indonesia
62%
Europe Portugal
62%
Asia Singapore
54%
Europe Sweden
54%
No matching quizzes found
Score Distribution
Percent of People with Each Score
Percentile by Number Answered
Your Score History
You have not taken this quiz since the last reset